Представление документа в формате RUSMARC

ПолеНазваниеЗначение
  Тип записи a
  Библиографический уровень m
001 Контрольный номер RU/SLIB/B/208748953
005 Дата корректировки 20250114115511.4
010 Индекс ISBN __
d Цена 800-00; 0-56
101 Язык документа 0_
a Язык текста rus
200 Заглавие и сведения об ответственности 0_
a Заглавие Памятники и монументы Москвы
f Первые сведения об ответственности Кожевников Р. Ф. ; предисл. В. Балдина
b Общее обозначение материала Текст
210 Выходные данные 1_
a Место издания М.
c Издательство Моск. рабочий
d Дата издания 1976
215 Физическое описание __
a Объем 167 с.
c Иллюстрации/тип воспроизводства ил.
330 Аннотация __
a Аннотация Цель книги - познакомить читателей с лучшими произведениями монументальной скульптуры Москвы.
606 Тематические рубрики __
a Основная рубрика Изобразительное искусство и архитектура
y Географическая подрубрика Россия; Москва
606 Тематические рубрики __
a Основная рубрика Виды скульптуры
610 Ключевые слова 0_
a Ключевые слова монументальная скульптура; скульптуры; скульптурные композиции; персоналии; биографии; русская скульптура; монументы; памятники; скульптурные памятники
686 Индексы других классификаций __
a Классификационный индекс 85.136.1(2)
700 Автор _1
a Фамилия Кожевников
b Имя Р. Ф.
702 Вторичная интеллектуальная ответственность _1
a Фамилия Балдина
b Имя В.
4 Код отношения Автор предисловия и т.д.
801 Источник записи _0
a Страна RU
b Организация Муниципальное бюджетное учреждение культуры "Централизованная библиотечная система" г. Сургут (Центральная городская библиотека им. А. С. Пушкина)
g Правила каталогизации КиК/Уланова
801 Источник записи _1
a Страна RU
b Организация Муниципальное бюджетное учреждение культуры "Централизованная библиотечная система" г. Сургут (Центральная городская библиотека им. А. С. Пушкина)
g Правила каталогизации КиК/Уланова
852 Данные о местонахождении __
j Шифр хранения 85.136.1(2)
c Каталожный индекс 85.133(2-2Москва)
i Авторский знак К 58
p Инвентарный номер 65083(с), 62951
901 Тип документа __
t Тип документа m
990 Данные о заказе (DOS) __
j Количество экземпляров (DOS) 1; 1
t N записи в КСУ для И/У (DOS) 199701; 199101